Interfacial science : (Record no. 598322)
[ view plain ]
| 000 -LEADER | |
|---|---|
| fixed length control field | 00336nam a2200121Ia 4500 |
| 008 - FIXED-LENGTH DATA ELEMENTS--GENERAL INFORMATION | |
| fixed length control field | 230907s9999||||xx |||||||||||||| ||und|| |
| 082 ## - DEWEY DECIMAL CLASSIFICATION NUMBER | |
| Classification number | 530.417 |
| Author Mark | BAR |
| 100 ## - MAIN ENTRY--PERSONAL NAME | |
| Personal name | Barnes, Geoff. |
| 9 (RLIN) | 115402 |
| 245 #0 - TITLE STATEMENT | |
| Title | Interfacial science : |
| 260 ## - PUBLICATION, DISTRIBUTION, ETC. | |
| Place of publication, distribution, etc. | Oxford University Press, |
| Name of publisher, distributor, etc. | Oxford ; | New York : |
| Date of publication, distribution, etc. | 2011 |
| 300 ## - PHYSICAL DESCRIPTION | |
| Extent | xxii, 326 p. : |
| 942 ## - ADDED ENTRY ELEMENTS (KOHA) | |
| Koha item type | Book |
| Withdrawn status | Lost status | Damaged status | Not for loan | Permanent Location | Current Location | Date acquired | Total Checkouts | Full call number | Barcode | Date last seen | Price effective from | Koha item type |
|---|---|---|---|---|---|---|---|---|---|---|---|---|
| US-Pakistan Center for Advanced Studies in Energy (USPCAS-E) | US-Pakistan Center for Advanced Studies in Energy (USPCAS-E) | 08/03/2018 | 530.417 BAR | CAS-E0002421 | 09/12/2023 | 09/12/2023 | Book |
